|
|
|
|
| LEADER |
00000nam0a2200000 4500 |
| 001 |
315453 |
| 005 |
20231102002759.0 |
| 010 |
|
|
|a 9785942757779
|
| 035 |
|
|
|a (RuTPU)RU\TPU\book\340888
|
| 035 |
|
|
|a RU\TPU\book\256721
|
| 090 |
|
|
|a 315453
|
| 100 |
|
|
|a 20130412d2015 km y0rusy50 ca
|
| 101 |
0 |
|
|a rus
|
| 102 |
|
|
|a RU
|
| 105 |
|
|
|a a z 001zy
|
| 200 |
1 |
|
|a Качество электроэнергетических систем: надежность, безопасность, экономичность, живучесть
|f В. А. Скопинцев
|
| 205 |
|
|
|a 2-е изд., испр. и доп.
|
| 210 |
|
|
|a Москва
|c Машиностроение
|d 2015
|
| 215 |
|
|
|a 352 с.
|c ил.
|
| 320 |
|
|
|a Библиогр.: с. 344-349
|
| 330 |
|
|
|a Представлена общая методология анализа структурно-поведенческих свойств: надёжности, безопасности, экономичности и живучести, определяющих качество электроэнергетических систем (ЭЭС) при решении задач перспективного развития, проектирования, управления эксплуатацией и технического обслуживания. Основные положения доведены до инженерных методик, даны примеры расчётов. Составлена функциональная модель повреждаемости на объектах ЭЭС. Исследуется влияние повреждаемости на функционирование ЭЭС. Первое издание вышло в 2009 году. Во 2-е издание включены вопросы обеспечения надёжности электроснабжения потребителя, совместимости АЭС и электрической сети, создания интеллектуальной ЭЭС с активно-адаптивной сетью и др. Для инженерно-технических работников проектных организаций, ЭЭС, а также для студентов вузов и слушателей в системе повышения квалификации.
|
| 606 |
1 |
|
|a Электроэнергетические системы
|x Качество
|2 stltpush
|3 (RuTPU)RU\TPU\subj\72546
|9 86016
|
| 610 |
1 |
|
|a свойства
|
| 610 |
1 |
|
|a повреждаемость
|
| 610 |
1 |
|
|a анализ
|
| 610 |
1 |
|
|a исследование
|
| 610 |
1 |
|
|a технологические нарушения
|
| 610 |
1 |
|
|a циклы
|
| 610 |
1 |
|
|a экономический ущерб
|
| 610 |
1 |
|
|a экспресс-оценка
|
| 610 |
1 |
|
|a надежность
|
| 610 |
1 |
|
|a безопасность
|
| 610 |
1 |
|
|a живучесть
|
| 610 |
1 |
|
|a структурно-поведенческие свойства
|
| 610 |
1 |
|
|a проектирование
|
| 610 |
1 |
|
|a управление
|
| 610 |
1 |
|
|a эксплуатация
|
| 610 |
1 |
|
|a инновации
|
| 675 |
|
|
|a 621.311:658
|v 3
|
| 700 |
|
1 |
|a Скопинцев
|b В. А.
|g Владимир Алексеевич
|
| 801 |
|
1 |
|a RU
|b 63413507
|c 20160301
|
| 801 |
|
2 |
|a RU
|b 63413507
|c 20160607
|g RCR
|
| 900 |
|
|
|a Качество электрической энергии в электрических системах
|
| 900 |
|
|
|a Качество электроэнергии в энергосистемах
|
| 942 |
|
|
|c BK
|
| 959 |
|
|
|a 25/20160225
|d 3
|e 1200,00
|f ЧЗТЛ:1
|f УФ:2
|